Département Ardennes - Statistiques

Statistiques générales
  • Ce quiz a été pris 76 fois
  • Le résultat moyen est 8 sur 20
Statistiques - réponses
Indices Réponses % Correct
Quel numéro de département porte l'Ardèche ? 08
98%
Quel est le chef-lieu départemental ? Charleville-Mézières
97%
Près de quelle ville la Wehrmacht a-t-elle mené une percée spectaculaire le 10 mai 1940 ? Sedan
88%
Quel poète est né en 1854 à Charleville, a notamment écrit Le Bateau ivre ? Arthur Rimbaud
73%
Comment se nomme la point qui, géographique, au nord, s'enfonce dans le territoire belge ? Pointe de Givet
65%
À part « Les Verts et Rouges », comment sont surnommés les joueurs du Club sportif Sedan Ardennes ? Les Sangliers
53%
De quelle Maison sont issus les trois rateaux apparaissant sur les armoiries des Ardennes ? Maison Rethel
47%
Quel aviateur s'est écrasé en 1918 à Saint-Morel, après que son SPAD S.XIII ait explosé en vol ? Roland Garros
47%
Quel « plat du pauvre » est une préparation de pommes de terre et d'oignons cuits dans une cocotte frottée au lard ? Cacasse à cul nu
45%
Dans la même ville, en quelle année les troupes de Napoléon III ont-elles perdu une bataille décisive contre les prussiens ? 1870
38%
Quelle est la seule autoroute qui traverse les Ardennes ? A304
35%
Que signifie, en français courant, les verbes « beuquer » et « rouéter », issus du patois ardennais ? Regarder
26%
Quelle revue naturaliste ardennaise allie humour et science depuis 1972 ? La Hulotte
23%
Quel type d'installation créé par Jean-Nicolas Gendarme peut-on visiter à Vendresse ? Haut-fourneau
12%
Quelle a été la dernière sous-préfecture supprimée en 1926, le département n'en comptant désormais plus que quatre ? Rocroi
12%
Quel film commence dans la ville de Fumay en 1940 et rassemble en têtes d'affiche Jean-Louis Trintignant et Romy Schneider ? Le Train
6%
En quelle année la manufacture d'armes de Charleville, première en France, a-t-elle cessé ses activités ? 1836
2%
Depuis 2001, quel monument surplombe le département au sommet de la Croix-Scaille ? Tour du millénaire
2%
Comment se nomme le premier laboratoire international d'oscillation des neutrinos, imagé en 2003 dans la centrale nucléaire de Chooz ? Double Chooz
0%
Quel site touristique est le plus visité du département ? Lac des Vieilles Forges
0%
Aucun quiz correspondant
Distribution des résultats
% des personnes avec chaque résultat
Percentile par nombre de réponses
Votre historique - résultats
Vous n’avez pas pris ce quiz